Digitação Rápida A a Z - Statistics

Estatísticas Gerais
  • Esse quiz foi jogado 5 627 vezes
  • A pontuação média é 22 de 26
Estatísticas das Respostas
letra % Correto
A
98%
D
94%
E
94%
B
93%
C
93%
F
91%
G
90%
H
89%
I
89%
J
87%
K
86%
L
86%
O
85%
M
83%
Q
83%
P
82%
R
82%
N
81%
S
79%
T
79%
U
78%
W
75%
V
71%
X
68%
Y
68%
Z
66%
Nenhum quiz correspondente encontrado
Distribuição das Pontuações
Porcentagem de Pessoas com Cada Pontuação
Percentil de Números Respondidos
Sua Pontuação Histórica
Você não jogou esse quiz